The entrepreneur in focus : (Record no. 17061)
[ view plain ]
| 000 -LEADER | |
|---|---|
| fixed length control field | 00970 am a2200289ua 4500 |
| 001 - CONTROL NUMBER | |
| control field | 007471812 |
| 005 - DATE AND TIME OF LATEST TRANSACTION | |
| control field | 20201128020936.0 |
| 008 - FIXED-LENGTH DATA ELEMENTS--GENERAL INFORMATION | |
| fixed length control field | 030908r20032007xxkak fr2b 001 0 eng d |
| 020 ## - INTERNATIONAL STANDARD BOOK NUMBER | |
| International Standard Book Number | 186152918X (pbk.) |
| 020 ## - INTERNATIONAL STANDARD BOOK NUMBER | |
| International Standard Book Number | 9781861529183 |
| 040 ## - CATALOGING SOURCE | |
| Original cataloging agency | EG-ScBUE |
| 082 00 - DEWEY DECIMAL CLASSIFICATION NUMBER | |
| Classification number | 658.421 |
| Edition number | 22 |
| Item number | BOL |
| 100 1# - MAIN ENTRY--PERSONAL NAME | |
| Personal name | Bolton, Bill |
| Fuller form of name | (Bill K.) |
| 9 (RLIN) | 31074 |
| 245 14 - TITLE STATEMENT | |
| Title | The entrepreneur in focus : |
| Remainder of title | achieve your potential / |
| Statement of responsibility, etc | Bill Bolton and John Thompson. |
| 250 ## - EDITION STATEMENT | |
| Edition statement | 1st ed., |
| Remainder of edition statement | reprinted. |
| 260 ## - PUBLICATION, DISTRIBUTION, ETC. (IMPRINT) | |
| Place of publication, distribution, etc | London : |
| Name of publisher, distributor, etc | Thomson Learning, |
| Date of publication, distribution, etc | 2003 |
| Place of manufacture | ([Cornwall, United Kingdom] : |
| Manufacturer | TJ Digital) |
| 300 ## - PHYSICAL DESCRIPTION | |
| Extent | xii, 276 p. : |
| Other physical details | forms, tables ; |
| Dimensions | 24 cm. |
| 500 ## - GENERAL NOTE | |
| General note | Index : p. 267-276. |
| 500 ## - GENERAL NOTE | |
| General note | Reprint of the 2003 ed. |
| 504 ## - BIBLIOGRAPHY, ETC. NOTE | |
| Bibliography, etc | Bibliography : p. 263-266. |
| 650 #0 - SUBJECT ADDED ENTRY--TOPICAL TERM | |
| Topical term or geographic name as entry element | Entrepreneurship |
| 9 (RLIN) | 240 |
| Source of heading or term | BUEsh |
| 651 ## - SUBJECT ADDED ENTRY--GEOGRAPHIC NAME | |
| Source of heading or term | BUEsh |
| 653 ## - INDEX TERM--UNCONTROLLED | |
| Resource For college | BAEPS, Business Administration |
| Arrived date list | October2012 |
| -- | October2014 |
| 655 ## - INDEX TERM--GENRE/FORM | |
| Form subdivision | Text book |
| -- | 33728 |
| 700 1# - ADDED ENTRY--PERSONAL NAME | |
| Personal name | Thompson, John L., |
| Dates associated with a name | 1931- |
| 9 (RLIN) | 31076 |
| 942 ## - ADDED ENTRY ELEMENTS (KOHA) | |
| Source of classification or shelving scheme | Dewey Decimal Classification |
| Item type | Book - Borrowing |
| Call number prefix | 658.421 BOL |
| Withdrawn status | Item status | Source of classification or shelving scheme | Damaged status | Not for loan | Vendor | Home library | Current library | Shelving location | Date acquired | Source of acquisition | Cost, normal purchase price | Total Checkouts | Full call number | Barcode | Date last seen | Date last borrowed | Koha item type | Materials specified (bound volume or other part) | Total Renewals | Cost, replacement price | Checked out |
|---|---|---|---|---|---|---|---|---|---|---|---|---|---|---|---|---|---|---|---|---|---|
| Dewey Decimal Classification | Baccah | Central Library | Central Library | First floor | 04/10/2012 | 0.00 | 6 | 658.421 BOL | 000027618 | 15/07/2025 | 21/11/2013 | NB - Book (Non borrowing) | |||||||||
| Lost | Dewey Decimal Classification | Baccah | Central Library | Central Library | First floor | 04/10/2012 | 0.00 | 1 | 658.421 BOL | 000027619 | 23/06/2013 | 28/11/2012 | Book - Borrowing | Lost In Inventory_2015-8-23 | 19 | ||||||
| Dewey Decimal Classification | Baccah | Central Library | Central Library | First floor | 04/10/2012 | 0.00 | 15 | 658.421 BOL | 000027620 | 15/07/2025 | 05/01/2022 | Book - Borrowing | 36 | ||||||||
| Dewey Decimal Classification | Baccah | Central Library | Central Library | First floor | 04/10/2012 | 260.00 | 12 | 658.421 BOL | 000027621 | 15/07/2025 | 31/01/2022 | Book - Borrowing | 87 | 325.00 | |||||||
| Dewey Decimal Classification | Baccah | Central Library | Central Library | First floor | 02/10/2014 | 260.00 | 7 | 658.421 BOL | 000036499 | 15/07/2025 | 22/12/2022 | Book - Borrowing | 9 | 325.00 | |||||||
| Dewey Decimal Classification | Baccah | Central Library | Central Library | First floor | 02/10/2014 | 260.00 | 8 | 658.421 BOL | 000036500 | 15/07/2025 | 22/12/2022 | Book - Borrowing | 52 | 325.00 | |||||||
| Dewey Decimal Classification | Baccah | Central Library | Central Library | First floor | 02/10/2014 | 260.00 | 8 | 658.421 BOL | 000036501 | 28/11/2019 | 28/11/2019 | Book - Borrowing | 39 | 325.00 | 10/12/2019 | ||||||
| Dewey Decimal Classification | Baccah | Central Library | Central Library | First floor | 02/10/2014 | Purchase | 260.00 | 11 | 658.421 BOL | 000036502 | 15/07/2025 | 05/01/2022 | Book - Borrowing | 23 | 325.00 | ||||||
| Dewey Decimal Classification | Baccah | Central Library | Central Library | First floor | 02/10/2014 | 260.00 | 7 | 658.421 BOL | 000036503 | 23/11/2019 | 23/11/2019 | Book - Borrowing | 103 | 325.00 | 23/01/2022 | ||||||
| Dewey Decimal Classification | Baccah | Central Library | Central Library | First floor | 02/10/2014 | 260.00 | 10 | 658.421 BOL | 000036504 | 15/07/2025 | 12/05/2024 | Book - Borrowing | 32 | 325.00 |